Mujer migrante y Derechos Humanos /
Պահպանված է:
| Հիմնական հեղինակ: | |
|---|---|
| Այլ հեղինակներ: | |
| Ձևաչափ: | Տեքստ |
| Խորագրեր: | |
| Ցուցիչներ: |
Ավելացրեք ցուցիչ
Չկան պիտակներ, Եղեք առաջինը, ով նշում է այս գրառումը!
|
MARC
| LEADER | 00000 a a2200000 04500 | ||
|---|---|---|---|
| 001 | 2356 | ||
| 003 | |||
| 040 | |||
| 100 | |a Posada, Ana Esther | ||
| 245 | |a Mujer migrante y Derechos Humanos / |c Ana Esther Posada ; Yolanda Araya | ||
| 650 | |a MUJERES | ||
| 650 | |a MIGRANTES | ||
| 650 | |a MIGRACION | ||
| 650 | |a DERECHOS DE LOS TRABAJADORES | ||
| 650 | |a COSTA RICA | ||
| 700 | |a Araya, Yolanda | ||
| 773 | |g volumen 18, número 3; páginas 29-30 | ||
| 999 | |c 36986 |d 36986 | ||
